000 00560nam a2200217 a 4500
001 0001-2065
003 ELIB.Books
008 190718 2010 eng
020 _aKBTS
092 _a280.082
_bTri
100 _aTrible, Phyllis.
245 _aHagar, Sarah, and Their Children
260 _aLouisville
_bWestminster John Knox Press
_c2006
300 _a211
_c20 Cm
650 _aFeminism
856 _nKBTS Library
_uKBTS Elib
942 _2ddc
_cBK
990 _a5
998 _aEnglishbooks.elf
_ccat
_e2019-07-18
999 _c12065
_d12065